| 000 | 01021nam a2200193Ia 4500 | ||
|---|---|---|---|
| 008 | 220216s9999 xx 000 0 und d | ||
| 100 | _aFonseca H S | ||
| 245 | 0 | _aReaction of rubber tree rootstocks to Meloidogyne javanica and M. exigua | |
| 260 |
_bNematologia Brasileira _c1999 |
||
| 300 | _a14-Sep | ||
| 500 | _aSource Year: 2000 | ||
| 520 | _aThe reaction of some cultivars of rubber tree rootstock to Meloidogyne javanica and M. exigua was evaluated under greenhouse conditions. Each plants was inoculated with 5000 second stage juveniles(J2) of M. javanica and 6000 J2 of M. exigua. 90 and 120 days after inoculation, respectively, the indices of galls and egg masses, and reproduction factors were determined. The cultivars PB 235, RRIM 600, GT 1 and IAN 873 were resistant to M. javantica but susceptible to M. exigua, except for GT 1, which was not evaluated. | ||
| 650 | _aHevea brasiliensis | ||
| 650 | _aRootstocks | ||
| 700 | _aJaehn A | ||
| 700 | _aSilva M De F A | ||
| 856 | _uPBA | ||
| 942 | _cJS | ||
| 999 |
_c66366 _d66366 |
||